Gypsy Daisy came over the hills, (Record no. 18278)

MARC details
000 -LEADER
fixed length control field 00486cam a2200169u 4500
001 - CONTROL NUMBER
control field ca 36001423
003 - CONTROL NUMBER IDENTIFIER
control field DLC
005 - DATE AND TIME OF LATEST TRANSACTION
control field 20260227111143.0
008 - FIXED-LENGTH DATA ELEMENTS--GENERAL INFORMATION
fixed length control field 830823s1934 vtu 000 0 eng
010 ## - LIBRARY OF CONGRESS CONTROL NUMBER
LC control number ca 36001423
040 ## - CATALOGING SOURCE
Original cataloging agency DLC
Transcribing agency CarP
Modifying agency DLC
050 00 - LIBRARY OF CONGRESS CALL NUMBER
Classification number PS3511.L22
Item number G8 1934
100 1# - MAIN ENTRY--PERSONAL NAME
Personal name Flanders, Helen Hartness,
Dates associated with a name 1890-1972.
245 10 - TITLE STATEMENT
Title Gypsy Daisy came over the hills,
260 ## - PUBLICATION, DISTRIBUTION, ETC.
Place of publication, distribution, etc. [Springfield, Vt.,
Name of publisher, distributor, etc. Springfield printing corporation,
Date of publication, distribution, etc. c1934]
300 ## - PHYSICAL DESCRIPTION
Extent [8] p.
Dimensions 23 cm.

No items available.

Powered by Koha